| 000 | 00672 a2200217 4500 | ||
|---|---|---|---|
| 999 |
_c4489 _d4489 |
||
| 010 | _aENG-86328 | ||
| 020 |
_a8172149344 _c75.00 |
||
| 035 | _aEN-69861 | ||
| 037 | _bDBAD / PUB | ||
| 082 | 1 | 4 | _a280 |
| 100 | 1 | _aGeorgekutty, K. V. | |
| 245 | 1 |
_aA grain of wheat / _cby Georgekutty K.V. [and] helped by R.H. Lesser |
|
| 260 |
_aDelhi _bIndian Society for Promoting Christian Knowledge _c2006 |
||
| 300 |
_axi, 84, [1] p. _c19 cm. (Pbk) |
||
| 500 | _aIncludes bibliographical references | ||
| 650 | 0 | _aPersecution | |
| 650 | 0 |
_aChristians _xViolence against |
|
| 650 | 0 | _aCommunalism | |
| 700 | 1 | _aLesser, R. H. | |
| 942 |
_adpl _cEN _2ddc _h280 _mGEO |
||